Challenge for Change (Record no. 16178)
[ view plain ]
| 000 -LEADER | |
|---|---|
| fixed length control field | 00636nam a2200241 a 4500 |
| 020 ## - INTERNATIONAL STANDARD BOOK NUMBER | |
| ISBN | |
| 082 00 - DEWEY DECIMAL CLASSIFICATION NUMBER | |
| Classification number | 305.480 |
| Author Cutter | AFT |
| 100 ## - MAIN ENTRY--AUTHOR NAME | |
| Author name | Aftab, Tahera |
| 245 ## - TITLE STATEMENT | |
| Title | Challenge for Change |
| Sub title | Literacy for the Girl of Today, the Woman of Tomarrow |
| 260 ## - PUBLICATION, DISTRIBUTION, ETC. (IMPRINT) | |
| Place of publication | Pakistan |
| Name of publisher | University of Karachi |
| Year of publication | 1992 |
| 300 ## - PHYSICAL DESCRIPTION | |
| Number of Pages | 241p |
| 500 ## - GENERAL NOTE | |
| General note | includes index and biblioraphy |
| 505 2# - FORMATTED CONTENTS NOTE | |
| Formatted contents note | Index |
| 650 ## - SUBJECT ADDED ENTRY--TOPICAL TERM | |
| Topical Term | Women-Education-pakistan |
| 942 ## - ADDED ENTRY ELEMENTS (KOHA) | |
| Koha item type | Books |
| 700 1# - | |
| -- | Aftab, Tahera |
| Collection code | Home library | Current library | Date acquired | Cost, normal purchase price | Full call number | Accession Number | Koha item type |
|---|---|---|---|---|---|---|---|
| Henry Martyn Institute Library | Henry Martyn Institute Library | 01/21/2008 | 300.00 | 305.480 AFT | 021205 | Books |
